LIBRARY & INFORMATION CENTRE, KCAET, TAVANUR

ONLINE PUBLIC ACCESS CATALOGUE (OPAC)

Ente kavitha / (Record no. 4929)

MARC details
000 -LEADER
fixed length control field 00424cam a2200181ua 4500
041 ## - LANGUAGE CODE
Language code of text/sound track or separate title mal
082 ## - DEWEY DECIMAL CLASSIFICATION NUMBER
Classification number 894.8121
Item number VVK/EN
100 ## - MAIN ENTRY--AUTHOR NAME
Personal name V V K, .
245 ## - TITLE STATEMENT
Title Ente kavitha /
250 ## - EDITION STATEMENT
Edition statement 2 /
260 ## - PUBLICATION, DISTRIBUTION, ETC. (IMPRINT)
Place of publication Calicut :
Name of publisher Navakerala Co-operative publishing ,
Year of publication 1963.
300 ## - PHYSICAL DESCRIPTION
Number of Pages 75 ; .
942 ## - ADDED ENTRY ELEMENTS (KOHA)
Koha item type Books
Holdings
Withdrawn status Lost status Damaged status Home library Current library Date acquired Full call number Accession Number Koha item type
Withdrawn     KAUAET Malayalam University 07/04/2012 894.8121 5731 Books
free website counter